United Arab Emirates City Quiz - Statistics

General Stats
  • This quiz has been taken 26 times
  • The average score is 4 of 6
Answer Stats
City % Correct
Dubai
100%
Abu Dhabi
91%
Sharjah
70%
Ras al-Khaimah
52%
Ajman
39%
Al Ain
30%
No matching quizzes found
Score Distribution
Percent of People with Each Score
Percentile by Number Answered
Your Score History
You have not taken this quiz